000 01185nam a22003377a 4500
003 EG-GICUC
005 20260121101245.0
008 251119s1995 ua |||fr|||| 000 0 ara d
017 _a1996 /4247
020 _a9770416789
040 _a EG-GICUC
_bara
_c EG-GICUC
_d EG-GICUC
_erda
041 0 _aara
082 0 4 _221
_a345
_bان . م
092 0 4 _221
099 _aLaw1 07 345 ان . م 1995
100 _aأنور أحمد رسلان
_eAuthor.
245 1 0 _aمبادئ القانون الإداري /
_cانور احمد رسلان.
250 _aمطبعة جامعة القاهرة والكتاب الجامعي
264 _aمصر :
_b[مطبعة جامعة القاهرة والكتاب الجامعي]،
_c1995.
300 _a306 صفحة؛
_b
_c24 سم.
336 _2rda content
_atext
337 _2rda media
_aComputer
338 _2rda carrier
_aOnline Resource
504 _aببلوجرافيا : من صفحة
546 _aالنص باللغة العربية
650 1 4 _a القانون الإداري
_2qrmak
651 1 _2qrmak
856 4 0 _uhttps://fll.law.cu.edu.eg/fulltext/bks/B07-00421.pdf
905 _a78
_eYara
942 _2ddc
_cBK
_e21
_n0
999 _c44591
_d44591